One Piece quiz ultime 4 - Arc Baratie - Statistiques

Statistiques générales
  • Ce quiz a été pris 43 fois
  • Le résultat moyen est 23 sur 83
Statistiques - réponses
Question Réponse % Correct
Qui a peint le pavillon de l'équipage du chapeau de paille ? Usopp
94%
Quel est le rôle d'Usopp dans l'équipage ? Tireur d'élite
85%
Quelle est l'activité de Yosaku et Johnny ? Chasseurs de primes
79%
Sur quoi Usopp a-t-il tiré au canon ? Sur un rocher
79%
De quel homme Zoro est-il à la recherche ? Dracule Mihawk
76%
Quel membre Zeff a-t-il perdu à l'époque ? Sa jambe droite
67%
Combien de temps Zeff veut-il que Luffy reste sur le Baratie ? 1 an
64%
Quel âge a Sanji ? 19 ans
58%
Quel est le surnom de Mihawk ? Œil de faucon
55%
Quel est le grade de Fullbody ? Lieutenant
55%
Qui a volé le Vogue Merry ? Nami
55%
Qui se débarrasse de Gin quand il vient pour la première fois au Baratie ? Patty
55%
Combien de vaisseaux Don Krieg a-t-il dans son armada ? 50
52%
Quel est le rêve de Sanji ? Découvrir All Blue
52%
Pour quelle activité Sanji préserve-t-il ses mains ? Pour la cuisine
52%
Que n'utilise jamais Sanji en combat ? Ses mains
52%
Avec qui Sanji partage-t-il son rêve ? Zeff
52%
Combien d'hommes Don Krieg a-t-il dans son armada ? 5000
48%
Qui met KO Pearl une bonne fois pour toutes ? Gin
48%
Sur quoi Luffy a-t-il renvoyé le boulet de canon de Fullbody ? Sur le Baratie
48%
Quel plat Sanji a-t-il servit à Fullbody ? Une soupe
48%
Que n'a jamais versé Pearl sur le champ de bataille ? Son sang
45%
Que met Luffy dans le verre de Zoro en guise de surprise du chef ? Une crotte de nez
45%
Quel personnage blague fait sa première apparition sur le Baratie ? Pandaman
42%
Qu'a mis Fullbody dans son plat pour se plaindre à Sanji ? Un insecte (Batchee)
42%
Que Zoro perd-t-il dans son combat contre Mihawk ? 2 sabres
39%
Quel est le surnom de Zeff ? Aux pieds rouges
39%
De quelle maladie est atteint Yosaku ? Du scorbut
39%
Quel est le montant de la prime de Don Krieg ? 17.000.000
36%
Comment Zeff a-t-il perdu sa jambe ? Il l'a mangé
36%
Quelle est la seule chose que Zeff refusait de voler étant pirate ? La nourriture
36%
Quel est le nom du sabre de Mihawk ? Kokuto Yoru
33%
Que veut Don Krieg en arrivant sur le Baratie ? Manger
33%
Quel est le montant de la prime de Gin ? 12.000.000
30%
En combien de jour Don Krieg et son armada ont-ils été décimé sur Grand Line ? 7 jours
30%
Quel est le serment de Zoro, suite à sa défaite face à Mihawk ? Ne plus perdre de combat
27%
Qu'est ce qui est représenté sur les côtés du crâne du pavillon de Don Krieg ? Des sabliers
24%
Qui sont les deux personnes à utiliser la tête du Baratie ? Patty et Carne
24%
Quel objet Don Krieg veut-il que Zeff lui donne ? Son journal de bord
24%
Quel est le surnom de Fullbody ? Aux poings d'acier
21%
Avec quelle technique Luffy brise-t-il l'armure de Don Krieg ? Gum Gum Bazooka / Gomu Gomu no Bazooka
21%
Quel plat préparé par Sanji est jeté par terre par tous les cuisiniers ? Une soupe
18%
Au bout de combien de jours Sanji et Zeff sont-ils secourus ? 85 jours
15%
Quelle est la dernière technique que Zoro utilise face à Mihawk ? Arcanes des Trois Sabres : Moulinet Infernal /
Santoryu Ougi : Sanzen Sekai
15%
Où a grandi Pearl ? Dans une jungle
15%
Quel aliment Usopp ne mange-t-il plus à cause d'une mauvaise expérience ? Des champignons
15%
Que fait Pearl quand il se sent en danger ? Il prend feu
15%
Quel est le surnom de Gin ? Le démon
15%
Quel est le nom du gaz utilisé par Don Krieg ? MH5
15%
Quels projectiles pointues Don Krieg lance-t-il avec son épaulette ? Des pieux
12%
Quelle est la particularité de la lance de Krieg ? Elle explose
12%
Avec quelle technique Luffy détruit-il le pont flottant ? Gum Gum Hache / Gomu Gomu no Ono
12%
Que signifie le tatouage de Johnny ? Mer
12%
Quel est le nom de la femme invité par Fullbody ? Moodie
12%
Quel est le rôle de Sanji sur le Baratie ? Second de cuisine
12%
Dans quoi Luffy a-t-il été emprisonné par Don Krieg avant la dernière attaque ? Un filet
12%
Qu'est-ce qui met KO Pearl la première fois ? Un mât
12%
De combien de combats à mort Pearl s'est-il sorti ? 61
9%
Avec quoi Zeff a-t-il frappé Sanji pour le pousser à quitter le Baratie ? Avec son poing
9%
Avec quelles armes se bat Gin ? Aves des tonfas
9%
Qu'est-ce qui recouvre les poings de Don Krieg ? Des diamants
9%
Qu'essaye de voler l'un des hommes de Krieg à Patty ? Son couteau
9%
À quel animal ressemble le bazooka de Patty ? À un homard
6%
Dans quelle région d'East Blue est situé le Baratie ? Dans la région de Sambas
6%
Que contenait le premier obus de Don Krieg ? Des shuriken
6%
Comment s'appelle le navire de Don Krieg ? Dreadnaught Sabre
6%
Quelle est la première technique que Luffy utilise face aux hommesde Krieg ? Gum Gum Faucille Géante /Gomu Gomu no Kama
6%
Quelle technique utilise Luffy face à la cape hérissée de piques de Don Krieg ? Gum Gum Munitions / Gomu Gomu no Bullet
6%
Comment s'appelle l'embarcation de Mihawk ? Hitsugibune / Navire-Cercueil
6%
Quel est le surnom de Pearl ? L'homme aux boucliers d'acier
6%
Sur quel navire Sanji était-il apprenti cuisinier ? Sur le Orbite / Hobbit
6%
Dans la bouche de quel animal Yosaku débarque-t-il au Baratie ? Un panda-requin
6%
Pourquoi Zoro ne veut-il pas être frappé dans le dos ? Car il n'y a pas pire humiliation
3%
Quel est le nom du navire pirate de Zeff ? Cooking George
3%
Comment s'appelle la lance de combat de Don Krieg ? Daisenso
3%
Selon Fullbody d'où vient le vin qu'il a commendé ? De l'île de Micqueot /Miccuo
3%
En quel acier est fait l'armure de Don Krieg ? En wootz
3%
Avec quelle technique Luffy bat-il Don Krieg ? Gum Gum Super Marteau /Gomu Gomu no Tonkachi
3%
Quel est le nom du pendentif de Mihawk ? Kogatana
3%
Quel est le surnom de Don Krieg ? Le fourbe / Le perfide
3%
Comment s'appelle le bateau de Sanji ? Shimashima Shopping
3%
Comment s'appelle la tête du Baratie ? Tête de maquereau number one / Sabagashira I
3%
Selon Fullbody quelle vin a-t-il commendé ? Un Itelzburger Stein /Ithürzburger Stein
3%
Aucun quiz correspondant
Distribution des résultats
% des personnes avec chaque résultat
Percentile par nombre de réponses
Votre historique - résultats
Vous n’avez pas pris ce quiz